000 00277nam a2200133Ia 4500
100 _aAho/ Ullman
942 _cBK
654 _acomputer
245 _aprinciples of compiler design
260 _bS.Chand
_aNew Delhi
_c1991
082 _a532
546 _aENGLISH
999 _c25317
_d25317